00370nam a2200145Ia 4500008004100000020001800041041000800059082001500067100003700082245003700119250000700156260003900163300001300202650000900215210716s2010 xx 000 0 und d a9788179914144 aeng a332.6 SHAA aShanbhag, A N;Shanbhag, Sandeep. aIn the wonderland of investment. a29 aNew DelhibPopular Prakashanc2010 alxvi,349 aNone